=LDR 00000nam 2200000 4500 =001 001002 =005 20250712023614 =035 ##$$a 0010-0725000881 =007 ta =008 250712################a##########0#ind## =020 ##$$a 978-623-307-310-3 =082 ##$$a 398.209 598 =084 ##$$a 398.209 598 KUM r =100 #$$a Kumalo, Mihlali =245 1#$$a Resep Lonwabo /$c Mihlali Kumalo =250 ##$$a Cetakan Pertama =260 ##$$a Jakarta :$b Badan Pengembangan dan Pembinaan Bahasa,$c 2022 =300 ##$$a 16hlm. : $b ilus. ; $c 29,7 cm =650 #4$$a CERITA ANAK INDONESIA TERJEMAHAN =600 #4$$a LITERASI-BAHAN BACAAN